| 000 | 00991cam a22002895i 4500 | ||
|---|---|---|---|
| 999 |
_c28087 _d28058 |
||
| 001 | 21391406 | ||
| 003 | EG-ScBUE | ||
| 005 | 20200213160821.0 | ||
| 008 | 200117s2019 enka f b 001 0 eng d | ||
| 020 | _a9781108701020 | ||
| 040 |
_aDLC _beng _erda _cDLC _dEG-ScBUE |
||
| 082 | 0 | 4 |
_a610.736 _bCHR _222 |
| 245 | 0 | 0 |
_aChronic care nursing : _ba framework for practice / _cedited by Linda Deravin and Judith Anderson. |
| 250 | _aSecond edition. | ||
| 264 | 1 |
_aCambridge, United Kingdom ; _aNew York, NY : _bCambridge University Press, _c2019. |
|
| 300 |
_axxii, 386 pages : _billustrations ; _c26 cm |
||
| 336 |
_atext _btxt _2rdacontent |
||
| 337 |
_aunmediated _bn _2rdamedia |
||
| 338 |
_avolume _bnc _2rdacarrier |
||
| 504 | _aIncludes bibliographical references and index. | ||
| 650 | 7 |
_aChronic diseases _xNursing. _2BUEsh |
|
| 653 |
_bNNUR _cFebruary2020 |
||
| 700 | 1 |
_aDeravin, Linda, _eeditor. |
|
| 700 | 1 |
_aAnderson, Judith, _eeditor. |
|
| 942 |
_2ddc _cBB |
||